LEADER 01701nam 2200445Ia 450 001 9910698880403321 005 20090507115135.0 035 $a(CKB)5470000002397059 035 $a(OCoLC)320452875 035 $a(EXLCZ)995470000002397059 100 $a20090507d2009 ua 0 101 0 $aeng 135 $aurmn||||||||| 181 $ctxt$2rdacontent 182 $cc$2rdamedia 183 $acr$2rdacarrier 200 14$aThe distribution of revenues from a cap-and-trade program for CO? emissions$b[electronic resource] $estatement of Douglas W. Elmendorf, director, before the Committee on Finance, United States Senate 210 1$aWashington, D.C. :$cU.S. Congressional Budget Office,$d[2009] 215 $a26 pages $cdigital, PDF file 225 1 $aCongressional Budget Office testimony 300 $aTitle from title screen (viewed on May 7, 2009). 300 $a"May 7, 2009." 320 $aIncludes bibliographical references. 517 $aDistribution of revenues from a cap-and-trade program for CO? emissions 606 $aCarbon dioxide mitigation$zUnited States 606 $aCarbon sequestration$zUnited States 606 $aGreenhouse gas mitigation$zUnited States 606 $aGlobal warming 615 0$aCarbon dioxide mitigation 615 0$aCarbon sequestration 615 0$aGreenhouse gas mitigation 615 0$aGlobal warming. 700 $aElmendorf$b Douglas W$0128457 712 02$aUnited States.$bCongressional Budget Office. 801 0$bGPO 801 1$bGPO 906 $aBOOK 912 $a9910698880403321 996 $aThe distribution of revenues from a cap-and-trade program for CO? emissions$93467190 997 $aUNINA LEADER 01503nam0 22003493i 450 001 PUV0542019 005 20231121125616.0 010 $a0865160147 100 $a20170926d1982 ||||0itac50 ba 101 | $aeng$clat 102 $aus 181 1$6z01$ai $bxxxe 182 1$6z01$an 200 1 $aPhormio$ea comedy by Terence$emanuscript reproduction, facing transcription, edited latin texts, notes, vocabulary$fedited by Elaine M. Coury 210 $aWauconda, Illinois$cBolchazy-Carducci$dİ1982 215 $aXXXIII, 224 p.$cill.$d22 cm. 500 10$aPhormio.$3UBOE001671$9CFIV069531$9868405 606 $aTerenzio Afro, Publio . Phormio$xCommenti$2FIR$3RMLC438247$9E 676 $a872.01$9Poesia drammatica e letteratura drammatica latina. Periodo romano, fino al 499 ca.$v22 700 1$aTerentius Afer$b, Publius$3CFIV069531$4070$0439355 702 1$aCoury$b, Elaine Marie$3UFIV130735 790 1$aTerentius$b, Publius Afer$3CAGV024322$zTerentius Afer, Publius 790 0$aTerenzio$3CFIV069532$zTerentius Afer, Publius 790 1$aTerenzio Afro$b, Publio$3CFIV069535$zTerentius Afer, Publius 801 3$aIT$bIT-01$c20170926 850 $aIT-FR0017 899 $aBiblioteca umanistica Giorgio Aprea$bFR0017 $eN 912 $aPUV0542019 950 0$aBiblioteca umanistica Giorgio Aprea$d 52S.SIJ. LL2 Ter.Pho.Cou.$e 52FLS0000181525 VMB RS $fA $h20170926$i20170926 977 $a 52 996 $aPhormio$9868405 997 $aUNICAS